| 000 | 00469nam a2200181Ia 4500 | ||
|---|---|---|---|
| 003 | GCL | ||
| 008 | 140319s9999 xx 000 0 eng d | ||
| 040 |
_aGCL / _cGCL |
||
| 082 | 0 | 4 |
_a340.59 _bZB |
| 100 | 1 | _aAL-ZWAINI, LAILA | |
| 245 | 1 | 0 |
_aA BIBLIOGRAPHY OF ISLAMIC LAW, 1980-1993 / _cAL-ZWAINI, LAILA |
| 700 | 1 | _aPETERS, RUDOLPH | |
| 260 |
_a[S.N] : _bE. J. BRILL ، _c1994 |
||
| 300 | _a240.P | ||
| 650 | 0 | 4 | _aISLAM |
| 650 | 0 | 4 | _aBIBLIOGRAPHIES |
| 942 |
_2ddc _cBK |
||
| 999 |
_c11604 _d11604 |
||